000 00851nam a22002417a 4500
999 _c14650
_d14650
003 MIRAKIL
005 20211202120757.0
008 211202b tu ||||| |||| 00| 0 tur d
020 _a9786257288408
040 _aTR-AnCHP
_cTR-AnCHP
041 _aTur
082 _a305.4
_bC85 2021
245 1 0 _aCumhuriyet İstanbul’unda kadın /
_cproje direktörü Cengiz Özkarabekir ; yayın yönetmeni Ahmet Bozkurt ; Editör: Ayla Duru Karadağ
260 _aİstanbul:
_bİstanbul Büyükşehir Belediyesi,
_c2021.
300 _a632 s.:
_bres.; fotg.;
_c27 sm.
504 _aDizin vardır.
650 0 _9569
_aKadınlar
_xTarih
651 0 _95576
_aİstanbul (Türkiye)
_xTarih
_xKadınlar
_yCumhuriyet dönemi
700 1 _94916
_aÖzkarabekir, Cengiz
700 _96583
_aBozkurt, Ahmet
700 _96840
_aKaradağ, Ayla Duru
_eed.
942 _2ddc
_cBKS